| 000 | 00601nam a2200217 a 4500 | ||
|---|---|---|---|
| 005 | 20240203063556.0 | ||
| 008 | 991125 1996 mad 000 0 spa u | ||
| 020 | _a8471124149 | ||
| 035 | _aUPN01000007783 | ||
| 049 | _aCG | ||
| 050 | 4 |
_aHQ1397 _bH3.28 |
|
| 100 | 1 | _aHarding, Sandra | |
| 245 | 1 | 0 |
_aCiencia y feminismo / _cSandra Harding ; tr. Pablo Manzano. |
| 260 |
_aMadrid : _bMorata, _c1996. |
||
| 300 | _a239 p. | ||
| 440 | 0 |
_aPsicologĂa _pManuales |
|
| 650 | 2 |
_aCiencia _xAspectos sociales _99875 |
|
| 650 | 4 |
_aFeminismo _98967 |
|
| 650 | 7 |
_aMujeres en la ciencia _2 _912213 |
|
| 905 | _aLibro | ||
| 999 |
_c7783 _d7783 |
||